Management, Information Systems and Computers: An Introduction (Record no. 2260)

MARC details
005 - DATE AND TIME OF LATEST TRANSACTION
control field 20250514134719.0
020 ## - INTERNATIONAL STANDARD BOOK NUMBER
International Standard Book Number 0-333-39852-1
082 ## - DEWEY DECIMAL CLASSIFICATION NUMBER
Classification number 658.403 AND
100 ## - MAIN ENTRY--PERSONAL NAME
Author name ANDERSON, R.
245 ## - TITLE STATEMENT
Title Management, Information Systems and Computers: An Introduction
260 ## - PUBLICATION, DISTRIBUTION, ETC.
Place of publication, distribution, etc. London,
Name of publisher, distributor, etc. Macmillan,
Date of publication, distribution, etc. 1986.
300 ## - PHYSICAL DESCRIPTION
Extent ix, 273p.: ill.; figure.
Other physical details Index.
Dimensions 24cm.
942 ## - ADDED ENTRY ELEMENTS (KOHA)
Source of classification or shelving scheme Dewey Decimal Classification
Koha item type Books
Holdings
Date last seen Total checkouts Full call number Barcode Cost, replacement price Price effective from Koha item type Lost status Source of classification or shelving scheme Damaged status Not for loan Withdrawn status Home library Current library Shelving location Date acquired Cost, normal purchase price
05/14/2025   658.403 AND 0000008691 30000.00 05/14/2025 Books   Dewey Decimal Classification       College of Business Education Main Library College of Business Education Main Library General Collection 05/14/2025 10000.00